| 000 | 00783nam a2200241 a 4500 | ||
|---|---|---|---|
| 001 | 000022745 | ||
| 005 | 20200930021755.0 | ||
| 008 | 101117s1992 sp r 000 0cspa d | ||
| 040 |
_aDO-SdBNP _bspa _cBNPHU |
||
| 041 | 1 | 7 |
_aspa _hheb _2Código de idioma MARC |
| 082 | _annnn | ||
| 110 | 2 |
_aVida Cotidiana en Israel _946735 |
|
| 245 | 1 | 0 |
_aOnce escritoras israelies / _cVida Cotidiana en Israel ; traducción de Ana María Berajano y Teresa Martínez. |
| 260 |
_aBarcelona : _bIcaria, _c1992. |
||
| 300 |
_a244, [9] p. ; _c21 cm. |
||
| 490 | 1 | _aPoesía | |
| 490 | 1 | _aBagdad | |
| 504 | _aIncluye notas al pie de las páginas. | ||
| 700 | 1 |
_aBerajano, Ana María, _etr. _946736 |
|
| 700 | 1 |
_aMartínez, Teresa, _etr. _946737 |
|
| 830 | 0 |
_aPoesía ; _pBagdad _946738 |
|
| 049 | _aBNGR | ||
| 999 |
_c22242 _d22242 |
||